000 01036cam a22001935a 4500
001 L149554
008 100319e20100108xxk 000 0 eng d
035 _a(Sirsi) u149554
041 0 _aeng
110 2 _aProperty Week
_91549
245 0 0 _aRetail warehouses are top of the shops for investors
260 _c2010
490 _aProperty Week
_v76(10) 12 March 2010, 40(1)
520 _aCushman and Wakefield's February monthly yields analysis highlights retail warehouses and London offices as the two most popular UK sectors for investors in a market still plateauing. However yields for retail warehouses and prime London West End offices both fell by 25 basis points in February. The 'flipping' of properties purchased in 2009 is increasing in all sectors but available prime stock is generally hard to find and aggressive bidding continues. Table covers prime yields by sector.
590 _aKA
651 4 _aUnited Kingdom
_y
690 _aPROPERTY-COMMERCIAL PROPERTY-COMMERCIAL PROPERTY FINANCE AND INVESTMENT
942 _n0
999 _c82209
_d82209